000 00640nam a2200217 a 4500
999 _c6344
_d6344
001 6344
003 BD-JhCC
005 20180121191311.0
008 180121s1966 b |||| || | 00| 0 b d
035 _a(BD-JhCC)6344
040 _aBD-JhCC
_dBD-JhCC
041 _aeng
082 _a297.63
_bTAL 1966
100 _aহোসেন, তালিম
245 _aনবী মোস্তফা /
_cতালিম হোসেন,
260 _aঢাকা :
_bপাকিস্তান পাবলিকেশানস্,
_c1966.
300 _a128
_c21 cm.
650 _aProphet Muhammad (SM)
942 _2ddc
_cBK